Kyoto Animation Anime - Statistiken

Allgemein
  • Dieses Quiz wurde 44 mal gespielt
  • Das Durchschnittsergebnis liegt bei 9 aus 43
Antwortstatistiken
Jahr Anime % Korrekt
2018 Violet Evergarden
67%
2016 A Silent Voice
64%
2007 CLANNAD
61%
2009 K-ON!
61%
2010 K-ON!!
61%
2013 Free!
44%
2017 Kobayashi chi no Maid Dragon
39%
2007 Lucky Star
39%
2008 CLANNAD ~After Story~
36%
2006 Die Melancholie der Haruhi Suzumiya
36%
2012 Hyouka
36%
2015 Sound! Euphonium
33%
2004 AIR
28%
2003 Full Metal Panic!
28%
2006 Kanon
28%
2011 Nichijou
28%
2012 Chuunibyou demo koi ga shitai!
22%
2013 Kyoukai no Kanata
19%
2014 Tamako Love Story
19%
2014 Amagi Brilliant Park
17%
2014 Free! - Eternal Summer
17%
2013 Tamako Market
17%
2021 Kobayashi chi no Maid Dragon S
14%
2018 Liz und ein blauer Vogel
14%
2018 Tsurune: Katemai Koukou Kyuudou-bu
14%
2014 Chuunibyou demo koi ga shitai! Ren
11%
2017 Free! - Take Your Marks
11%
2018 Free! - Dive to the Future
8%
2016 Musaigen no Phantom World
8%
2016 Sound! Euphonium 2
8%
2019 Violet Evergarden und das Band der Freundschaft
8%
2010 Das verschwinden der Haruhu Suzumiya
6%
2005 Full Metal Panic! The Sacond Raid
6%
2018 Chuunibou demo koi ga shitai! - Take on me!
3%
2013 Chuunibyou demo koi ga shitai! Rikka Version
3%
2009 Die Melancholie der Haruhi Suzumiya 2
3%
2011 K-ON! Der Film
3%
2015 Kyoukai no Kanata - I'll Be Here
3%
2009 Sora wo Miageru Shoujo no Hitome ni Utsuru Sekai
3%
2016 Sound! Euphonium - Der Film
3%
2017 Sound! Euphonium - Der Film 2
3%
2020 Violet Evergarden - Der Film 2
3%
2019 Sound! Euphonium - Der Film 3
0%
Keine übereinstimmenden Quizze gefunden
Verteilung der Resultate
Anzahl Personen mit jedem Resultat
Perzentil nach korrekt beantworteten Fragen
Ihre Resultats-Entwicklung
Sie haben dieses Quiz noch nicht gespielt